Statistics for PvZ 2 worlds

Click here to take the quiz!

General Stats

  • This quiz has been taken 37 times
  • The average score is 10 of 22

Answer Stats

Answer% Correct
Ancient Egypt
97%
Modern Day
88%
Pirate Seas
88%
Wild West
85%
Big Wave Beach
82%
Far Future
82%
Dark Ages
76%
Jurassic Marsh
76%
Neon Mixtape Tour
76%
Lost City
70%
Frostbite Caves
67%
Player's house
21%
Fairytale Forest
12%
Heian Age
12%
Kongfu World
12%
Renaissance Age
12%
Sky City
12%
Steam Age
12%
Parkour Party
3%
Celebrating Chinese New Year
0%
Children's Playpark
0%
Haunting Halloween
0%

Score Distribution

Percentile by Number Answered

Percent of People with Each Score

Your Score History

You have not taken this quiz